| 000 | 00824nam a22002537a 4500 | ||
|---|---|---|---|
| 999 |
_c15385 _d15385 |
||
| 003 | MIRAKIL | ||
| 005 | 20240214134459.0 | ||
| 008 | 240214b tu ||||| |||| 00| 0 tur d | ||
| 020 | _a9789754584240 | ||
| 040 |
_aTR-AnCHP _cTR-AnCHP |
||
| 041 | _aTürkçe | ||
| 082 |
_a811.42 _bİ43y 2002 |
||
| 090 | _a811.42 İ43y 2002 | ||
| 100 | _aİlhan, Attila | ||
| 245 | 1 | 0 |
_aYağmur kaçağı / _cAttilâ İlhan. |
| 250 | _a1. bs. | ||
| 260 |
_aİstanbul : _bTürkiye İş Bankası Kültür Yayınları, _c2002. |
||
| 300 |
_a89 s. ; _c20 cm. |
||
| 490 | 0 |
_aTürkiye İş Bankası Kültür Yayınları ; _vgenel yayın: 661 |
|
| 490 | 0 |
_aEdebiyat dizisi : _v262 |
|
| 650 | 0 |
_919 _aTürk edebiyatı _xŞiir |
|
| 856 | _zDijital Nüshası için Partimizin Kütüphane Sorumlusu ile iletişime geçiniz. | ||
| 942 |
_2ddc _cBKS |
||